LEADER 02069nam 2200397 n 450 001 996384175803316 005 20221108052733.0 035 $a(CKB)1000000000596972 035 $a(EEBO)2240916409 035 $a(UnM)99122408800971 035 $a(EXLCZ)991000000000596972 100 $a19830610d1700 uy 101 0 $aeng 135 $aurbn||||a|bb| 200 10$aSeveral discourses upon the attributes of God$b[electronic resource] $eviz. Concerning the perfection of God. Concerning our imitation of the divine perfections. The happiness of God. The unchangeableness of God. The knowledge of God. The wisdom, glory, and soveraignty of God. The wisdom of God, in the creation of the world. The wisdom of God, in his providence. The wisdom of God, in the redemption of mankind. The justice of God, in the distribution of rewards and punishments. The truth of God. The holiness of God. To which is annexed a spital sermon, of doing good. /$fBy the most reverend Dr. John Tillotson, late Lord Arch-Bishop of Canterbury. Being the sixth volume; published from the originals, by Ralph Barker, D.D. chaplain to his grace 205 $aThe second edition corrected. 210 $aLondon, $cprinted for Ri. Chiswell, at the Rose and Crown in St. Paul's Church-yard$d1700 215 $a[16], 442, [6] p. $cport 300 $aIncludes eleven preliminary contents pages and six final advertisement pages. 300 $aReproduction of the original in the British Library. 330 $aeebo-0018 606 $aGod$xAttributes$xSermons$vEarly works to 1800 606 $aSermons, English$y17th century 608 $aTitle pages$zEngland$y18th century. 615 0$aGod$xAttributes$xSermons 615 0$aSermons, English 700 $aTillotson$b John$f1630-1694.$0279222 701 $aBarker$b Ralph$f1648-1708.$01009463 801 0$bCu-RivES 801 1$bCu-RivES 801 2$bCStRLIN 801 2$bCu-RivES 906 $aBOOK 912 $a996384175803316 996 $aSeveral discourses upon the attributes of God$92374749 997 $aUNISA LEADER 02908nam 2200565 a 450 001 9910793365003321 005 20180629070730.0 010 $a1-4963-9501-8 035 $a(CKB)4100000007157731 035 $a(MiAaPQ)EBC6023328 035 $a(UtOrBLW)20554886 035 $a(UtOrBLW)9781496395009 035 $a(EXLCZ)994100000007157731 100 $a20180622d2020 uy 0 101 0 $aeng 135 $aurcnu|||||||| 181 $ctxt$2rdacontent 182 $cc$2rdamedia 183 $acr$2rdacarrier 200 00$aHandbook of obstetric and gynecologic emergencies$b[electronic resource] /$fedited by Guy I. Benrubi 205 $a5th ed. 210 $aPhiladelphia $cWolters Kluwer$d[2020] 215 $a1 online resource (xvii, 474 pages) $cillustrations 311 1 $a1-4963-9500-X 320 $aIncludes bibliographical references and index. 330 $a"Perfect as a quick reference in the emergency room or your office, the newest edition of this handbook is diagnostic and treatment-focused, touching on a range of everyday conditions and problems. These include newer issues as medico-psychological ramifications of sexual assault and complications from abortion, assisted reproductive technologies, and immunologic therapies. OBGYNs as well as non-obstetrical providers will find much here to help them assess and manage clinical situations. Now with a new chapter on pediatric gynecologic emergencies and more discussion of pathophysiology of disease. Organized for this edition into two distinct sections--obstetrics AND gynecology. New information on treating Zika, Dengue, Chickenqunya, and other mosquito-borne infections in pregnancy. Contributors hail from pharmacy, surgery, radiology, and other disciplines, in addition to obstetrics and gynecology. Packed with numerous treatment algorithms and illustrations, including ultrasound"--Provided by publisher. 606 $aPregnancy Complications$xtherapy 606 $aPregnancy Complications$xdiagnosis 606 $aGenital Diseases, Female$xtherapy 606 $aGenital Diseases, Female$xdiagnosis 606 $aEmergencies 606 $aEmergency Treatment$xmethods 606 $aObstetrical emergencies$vHandbooks, manuals, etc 606 $aGynecologic emergencies$vHandbooks, manuals, etc 615 12$aPregnancy Complications$xtherapy 615 12$aPregnancy Complications$xdiagnosis 615 22$aGenital Diseases, Female$xtherapy 615 22$aGenital Diseases, Female$xdiagnosis 615 22$aEmergencies 615 22$aEmergency Treatment$xmethods 615 0$aObstetrical emergencies 615 0$aGynecologic emergencies 676 $a618/.0425 701 $aBenrubi$b Guy I$01212490 801 0$bDNLM/DLC 801 1$bDLC 906 $aBOOK 912 $a9910793365003321 996 $aHandbook of obstetric and gynecologic emergencies$93841089 997 $aUNINA